00711nai a2200181Ia 4500003000900000008004100009022002200050022002300072040001600095245005000111260008600161310001700247362002500264521006900289650003300358650005000391856008800441IN-BaIIA211028c9999 xx s 000 0 eng d a1041-1135 (Print) a1941-0174 (Online) cIIA Library 0aIEEE Photonics Technology Lettersh[eJournal] aNew York, USAbThe Institute of Electrical and Electronics Engineers, Inc. (IEEE) aSemi-monthly a1(1); 1989 - Present bSubscribed through National Knowledge Resource Consortium (NKRC) a Photonics and Electrooptics aEngineered Materials, Dielectrics and Plasmas uhttps://ieeexplore.ieee.org/servlet/opac?punumber=68yClick Here to Access eJournal